Quiz des bests - Statistiques

Statistiques générales
  • Ce quiz a été pris 4 fois
  • Le résultat moyen est 10 sur 16
Statistiques - réponses
Hint Réponse % Correct
birth date of juliette 19 mai
100%
birth date of emma 21 juillet
100%
age apolline 23
100%
score toefl juliette 99
100%
cb de fois ines et juliette se sont vues au canada ( en lettres) deux
100%
pays preféré de emma pendant échange vietnam
100%
birth date of ines 02 mai
50%
race du chien d'emma boxer
50%
prenom de la maman de juliette Caroline
50%
stage (enterprise) de 2024 d'ines Cuure
50%
nom ex ines Enzo
50%
nom entier de juliette juliette pinard bertelletto
50%
process de stage emma (refusée) pernod ricard
50%
nom du dernier ex d'emma Théo
50%
noms des soeurs d'emma Chloé et camille
0%
nom du chat d'ines Roxy
0%
Aucun quiz correspondant
Distribution des résultats
% des personnes avec chaque résultat
Percentile par nombre de réponses
Votre historique - résultats
Vous n’avez pas pris ce quiz